Culture Générale - Série 987 - Statistiques

Statistiques générales
  • Ce quiz a été pris 140 fois
  • Le résultat moyen est 6 sur 10
Statistiques - réponses
Question Réponse % Correct
Depuis 1993, que signifie le sigle U.E. ? Union européenne
94%
Dans quel pays se trouve l'ancien Observatoire royal de Greenwich, à travers lequel passe le méridien d'origine ? Grande-Bretagne
89%
Que signifie la lettre "F" dans l'abréviation fiscale "I.S.F." ? Fortune
86%
Un endroit ou une situation où l'on ne trouve que ce que l'on a apporté est une "auberge... espagnole
79%
Que signifie le mot espagnol “soledad”, titre d'un succès du groupe "Mano Negra" ? solitude
63%
Dans le film "Le Petit Nicolas" quelle actrice incarne la mère de Nicolas ? Valérie Lemercier
62%
Quel est le lac le plus profond du monde (1 642 m) ? lac Baïkal
47%
Quel os en forme de fer à cheval constitue la partie inférieure de la mâchoire humaine ? mandibule
44%
Dans quel film de 1972 rencontre-t-on la famille Galipeau et le père Martinet ? Le viager
22%
Dans nos campagnes, quelle chouette au plumage clair est surnommée la "dame blanche" ? chouette effraie
17%
Aucun quiz correspondant
Distribution des résultats
% des personnes avec chaque résultat
Percentile par nombre de réponses
Votre historique - résultats
Vous n’avez pas pris ce quiz